| 000 | 01959nam a2200481Ii 4500 | ||
|---|---|---|---|
| 001 | DIGEDUSTA113 | ||
| 003 | NyNyDIG | ||
| 008 | 210827s2019 ck ob 000 0 spa d | ||
| 006 | m o d | ||
| 007 | cr ||||||||||| | ||
| 035 | _a(OCoLC)1125025852 | ||
| 040 |
_aDGITA _beng _erda _epn _cDGITA |
||
| 020 |
_a9789587821994 _qeBook _qePub |
||
| 020 | _z9789587821987 | ||
| 043 | _as-ck--- | ||
| 050 | 1 | 4 | _aB1050 ebook |
| 100 | 1 |
_aFlorián Bocanegra, Víctor, _eauthor. |
|
| 245 | 1 | 0 |
_aFilosofía y críticas del presente / _cVíctor Florián Bocanegra ; antología y estudio introductorio de Nelson Fernando Roberto Alba. |
| 250 | _aPrimera edición | ||
| 264 | 1 |
_aBogotá, D.C., Colombia : _bEdiciones USTA, Universidad Santo Tomás, _c2019. |
|
| 300 | _a1 online resource. | ||
| 336 |
_atext _btxt _2rdacontent |
||
| 336 |
_astill image _2rdacontent |
||
| 337 |
_acomputer _bc _2rdamedia |
||
| 338 |
_aonline resource _bcr _2rdacarrier |
||
| 347 |
_atext file _2rdaft |
||
| 347 | _bEPUB | ||
| 490 | 1 | _aBiblioteca colombiana de filosofía | |
| 504 | _aIncludes bibliographical references. | ||
| 588 | 0 | _aOnline resource; title from ePub title page (Digitalia, viewed August 27, 2021) | |
| 650 | 0 | _aPhilosophy, Colombian. | |
| 650 | 0 |
_aPhilosophy _xStudy and teaching. |
|
| 650 | 0 | _aExistentialism. | |
| 655 | 0 | _aElectronic books. | |
| 700 | 1 |
_aRoberto Alba, Nelson Fernando, _econtributor agent of text. |
|
| 791 | 2 |
_aDigitalia (Firm), _edistributor. |
|
| 793 | 0 |
_gDigitalia eBook Collection: _aEdiciones USTA |
|
| 776 | 0 | 8 |
_iPrint version: _aFlorián Bocanegra, Víctor. _tFilosofía y críticas del presente. _bPrimera edición. _dBogotá, D.C., Colombia : Ediciones USTA, Universidad Santo Tomás, 2019 _z9789587821987 _w(OCoLC)1104801066 |
| 830 | 0 | _aBiblioteca colombiana de filosofía. | |
| 856 | 4 | 0 |
_3Digitalia Hispánica _uhttps://www.digitaliapublishing.com/a/80558/ |
| 910 | _aPremium collection: 2021 | ||
| 942 | _cRAA | ||
| 999 |
_c264652 _d264652 |
||